| 000 | 00697nam a2200253Ia 4500 | ||
|---|---|---|---|
| 003 | OSt | ||
| 005 | 20220925214644.0 | ||
| 006 | a|||||r|||| 00| 0 | ||
| 007 | ta | ||
| 008 | 220923b |||||||| |||| 00| 0 eng d | ||
| 037 | _cGeneral Book | ||
| 040 |
_aRTL _cRTL _beng |
||
| 041 |
_2eng _aeng |
||
| 082 | _aXM8.53.N8, M4 | ||
| 100 |
_aSavary Julien _9280853 |
||
| 245 | 0 | _aFrench multinationals | |
| 260 |
_aLondon _bFrances Pinter _c1984 |
||
| 300 |
_axxv, 231p _ccm. |
||
| 490 | _aStudies in iNternational Economy | ||
| 500 | _aBibliography p 215-24 | ||
| 650 | _aMultinational | ||
| 942 |
_hXM8.53.N8, M4 _cGB _2CC |
||
| 999 |
_c566141 _d566141 |
||